| 000 | 01070nam a2200325 i 4500 | ||
|---|---|---|---|
| 003 | EG-GICUC | ||
| 005 | 20260127091921.0 | ||
| 008 | 260127s1987 fr ||||fr|||| 001 0 fre d | ||
| 020 | _a2225808465 | ||
| 040 |
_aEG-GiCUC _bfre _cEG-GiCUC _dEG-GiCUC _eRda |
||
| 041 | 0 | _afre | |
| 082 | 0 | 4 |
_221 _a341.8 _bDO . D |
| 092 | 0 | 4 | _221 |
| 099 | _aLaw1 12 341.8 DO . D 1987 | ||
| 100 | 1 |
_aHolleaux, Dominique _eAuteur |
|
| 245 | 1 | 0 |
_aDroit international privé / _cDominique Holleaux, Jacques Foyer, Géraud de Geouffre de La Pradelle. |
| 264 | 1 |
_aParis : _bMasson, _c1987. |
|
| 300 |
_a667 page, _c 24 cm. |
||
| 336 |
_2rda contenu _a texte |
||
| 337 |
_2rda medias _aOrdinateur |
||
| 338 |
_2 transporteur rda _a Ressource en ligne |
||
| 490 | _aCollection Droit - Sciences Économiques | ||
| 546 | _aTexte en français | ||
| 650 | 1 | 4 | _aDroit international privé |
| 700 | 1 |
_aFoyer, Jacques _eCo-Auteur |
|
| 700 | 1 |
_ade Geouffre , Géraud _eCo-Auteur |
|
| 856 | 4 | 0 | _uhttps://fll.law.cu.edu.eg/fulltext/bks/B12-02057.pdf |
| 905 | _a48 | ||
| 942 |
_2ddc _cBK _e21 _n0 |
||
| 999 |
_c59546 _d59546 |
||